<?xml version="1.0" encoding="UTF-8"?>
<record
    xmlns:xsi="http://www.w3.org/2001/XMLSchema-instance"
    xsi:schemaLocation="http://www.loc.gov/MARC21/slim http://www.loc.gov/standards/marcxml/schema/MARC21slim.xsd"
    xmlns="http://www.loc.gov/MARC21/slim">

  <leader>02330nam a22003135a 4500</leader>
  <controlfield tag="003">OSt</controlfield>
  <controlfield tag="005">20160921101628.0</controlfield>
  <controlfield tag="008">160920s2012    ua     frb    000 0 ara d</controlfield>
  <datafield tag="015" ind1=" " ind2=" ">
    <subfield code="a">2012/8794</subfield>
  </datafield>
  <datafield tag="020" ind1=" " ind2=" ">
    <subfield code="a">9771027778</subfield>
  </datafield>
  <datafield tag="040" ind1=" " ind2=" ">
    <subfield code="a">EG-ScBUE</subfield>
    <subfield code="b">ara</subfield>
    <subfield code="c">EG-ScBUE</subfield>
  </datafield>
  <datafield tag="043" ind1=" " ind2=" ">
    <subfield code="a">f-ua---</subfield>
    <subfield code="a">e-fr---</subfield>
  </datafield>
  <datafield tag="082" ind1="0" ind2="4">
    <subfield code="a">346.07</subfield>
    <subfield code="b">&#x62F; &#x628; &#x634;</subfield>
    <subfield code="2">22</subfield>
  </datafield>
  <datafield tag="100" ind1="1" ind2=" ">
    <subfield code="a">&#x62F;&#x628;&#x634;&#x60C; &#x639;&#x645;&#x631;&#x648; &#x623;&#x62D;&#x645;&#x62F; &#x639;&#x628;&#x62F; &#x627;&#x644;&#x645;&#x646;&#x639;&#x645;</subfield>
    <subfield code="9">41126</subfield>
  </datafield>
  <datafield tag="245" ind1="1" ind2="4">
    <subfield code="a">&#x627;&#x644;&#x648;&#x627;&#x641;&#x64A; &#x641;&#x64A; &#x634;&#x631;&#x62D; &#x636;&#x645;&#x627;&#x646; &#x627;&#x644;&#x639;&#x64A;&#x648;&#x628; &#x627;&#x644;&#x62E;&#x641;&#x64A;&#x629; &#x641;&#x64A; &#x639;&#x642;&#x62F; &#x627;&#x644;&#x628;&#x64A;&#x639; /</subfield>
    <subfield code="c">&#x639;&#x645;&#x631;&#x648; &#x623;&#x62D;&#x645;&#x62F; &#x639;&#x628;&#x62F; &#x627;&#x644;&#x645;&#x646;&#x639;&#x645; &#x62F;&#x628;&#x634;.</subfield>
  </datafield>
  <datafield tag="250" ind1=" " ind2=" ">
    <subfield code="a">&#x637;. 1.</subfield>
  </datafield>
  <datafield tag="260" ind1=" " ind2=" ">
    <subfield code="a">&#x627;&#x644;&#x642;&#x627;&#x647;&#x631;&#x629; :</subfield>
    <subfield code="b">&#x62F;&#x627;&#x631; &#x627;&#x644;&#x641;&#x643;&#x631; &#x627;&#x644;&#x639;&#x631;&#x628;&#x64A;&#x60C;</subfield>
    <subfield code="c">2012.</subfield>
  </datafield>
  <datafield tag="300" ind1=" " ind2=" ">
    <subfield code="a">403 &#x635;. &#x61B;</subfield>
    <subfield code="c">24 &#x633;&#x645;.</subfield>
  </datafield>
  <datafield tag="504" ind1=" " ind2=" ">
    <subfield code="a">&#x64A;&#x634;&#x62A;&#x645;&#x644; &#x639;&#x644;&#x649; &#x625;&#x631;&#x62C;&#x627;&#x639;&#x627;&#x62A; &#x628;&#x628;&#x644;&#x64A;&#x648;&#x62C;&#x631;&#x627;&#x641;&#x64A;&#x629;.</subfield>
  </datafield>
  <datafield tag="520" ind1="0" ind2=" ">
    <subfield code="a">&#x647;&#x630;&#x627; &#x627;&#x644;&#x643;&#x62A;&#x627;&#x628; &#x63A;&#x646;&#x64A; &#x628;&#x627;&#x644;&#x645;&#x639;&#x644;&#x648;&#x645;&#x627;&#x62A; &#x627;&#x644;&#x642;&#x627;&#x646;&#x648;&#x646;&#x64A;&#x629; &#x64A;&#x634;&#x628;&#x639; &#x63A;&#x627;&#x64A;&#x629; &#x637;&#x627;&#x644;&#x628; &#x627;&#x644;&#x639;&#x644;&#x645; &#x648;&#x645;&#x628;&#x62A;&#x63A;&#x649; &#x627;&#x644;&#x641;&#x642;&#x647; &#x641;&#x64A; &#x627;&#x644;&#x642;&#x627;&#x646;&#x648;&#x646; &#x648;&#x62A;&#x62D;&#x62F;&#x64A;&#x62F;&#x627; &#x627;&#x644;&#x642;&#x627;&#x646;&#x648;&#x646; &#x627;&#x644;&#x645;&#x62F;&#x646;&#x64A;&#x60C; &#x647;&#x630;&#x627; &#x627;&#x644;&#x645;&#x624;&#x644;&#x641; &#x62A;&#x639;&#x645;&#x642; &#x643;&#x627;&#x62A;&#x628;&#x629; &#x641;&#x64A; &#x62A;&#x639;&#x631;&#x64A;&#x641; &#x627;&#x644;&#x639;&#x642;&#x648;&#x62F; &#x648;&#x62E;&#x635;&#x648;&#x635;&#x627; &#x639;&#x642;&#x62F; &#x627;&#x644;&#x628;&#x64A;&#x639;&#x60C; &#x648;&#x62A;&#x646;&#x627;&#x648;&#x644; &#x627;&#x644;&#x645;&#x624;&#x644;&#x641; &#x62F;&#x631;&#x627;&#x633;&#x629; &#x648;&#x62A;&#x62D;&#x644;&#x64A;&#x644; &#x648;&#x627;&#x62D;&#x62F;&#x629; &#x645;&#x646; &#x623;&#x647;&#x645; &#x627;&#x644;&#x639;&#x64A;&#x648;&#x628; &#x627;&#x644;&#x62A;&#x64A; &#x642;&#x62F; &#x64A;&#x62D;&#x62A;&#x648;&#x64A;&#x647;&#x627; &#x639;&#x642;&#x62F; &#x628;&#x64A;&#x639; &#x645;&#x628;&#x631;&#x645; &#x628;&#x64A;&#x646; &#x628;&#x627;&#x626;&#x639; &#x645;&#x62D;&#x62A;&#x631;&#x641; &#x648;&#x645;&#x634;&#x62A;&#x631; &#x639;&#x627;&#x62F;&#x64A; &#x648;&#x637;&#x631;&#x642; &#x648;&#x634;&#x631;&#x648;&#x637; &#x636;&#x645;&#x627;&#x646; &#x647;&#x630;&#x627; &#x627;&#x644;&#x639;&#x64A;&#x628;&#x60C; &#x647;&#x630;&#x627; &#x627;&#x644;&#x639;&#x64A;&#x628; &#x647;&#x648; &#x645;&#x627; &#x64A;&#x639;&#x631;&#x641; &#x628;&#x627;&#x644;&#x639;&#x64A;&#x628; &#x627;&#x644;&#x62E;&#x641;&#x64A; &#x627;&#x644;&#x630;&#x64A; &#x636;&#x645;&#x646;&#x629; &#x627;&#x644;&#x642;&#x627;&#x646;&#x648;&#x646; &#x648;&#x646;&#x635; &#x639;&#x644;&#x649; &#x637;&#x631;&#x642; &#x631;&#x62F; &#x647;&#x630;&#x627; &#x627;&#x644;&#x639;&#x64A;&#x628; &#x639;&#x646; &#x627;&#x644;&#x645;&#x634;&#x62A;&#x631;&#x64A; &#x627;&#x644;&#x639;&#x627;&#x62F;&#x64A;&#x60C; &#x641;&#x64A; &#x645;&#x62D;&#x627;&#x648;&#x644;&#x629; &#x646;&#x627;&#x62C;&#x62D;&#x629; &#x644;&#x645;&#x646;&#x639; &#x627;&#x633;&#x62A;&#x63A;&#x644;&#x627;&#x644; &#x627;&#x644;&#x628;&#x627;&#x626;&#x639; &#x627;&#x644;&#x645;&#x62D;&#x62A;&#x631;&#x641; &#x644;&#x644;&#x645;&#x634;&#x62A;&#x631;&#x64A; &#x627;&#x644;&#x639;&#x627;&#x62F;&#x64A;&#x60C; &#x643;&#x645;&#x627; &#x64A;&#x62D;&#x62A;&#x648;&#x64A; &#x627;&#x644;&#x645;&#x624;&#x644;&#x641; &#x639;&#x644;&#x649; &#x62F;&#x631;&#x627;&#x633;&#x629; &#x645;&#x642;&#x627;&#x631;&#x646;&#x629; &#x644;&#x647;&#x630;&#x627; &#x627;&#x644;&#x646;&#x638;&#x627;&#x645; &#x627;&#x644;&#x642;&#x627;&#x646;&#x648;&#x646;&#x64A; &#x627;&#x644;&#x647;&#x627;&#x645; &#x628;&#x64A;&#x646; &#x643;&#x644; &#x645;&#x646; &#x627;&#x644;&#x634;&#x631;&#x64A;&#x639;&#x629; &#x627;&#x644;&#x625;&#x633;&#x644;&#x627;&#x645;&#x64A;&#x629; &#x648;&#x627;&#x644;&#x642;&#x627;&#x646;&#x648;&#x646; &#x627;&#x644;&#x645;&#x62F;&#x646;&#x64A; &#x627;&#x644;&#x645;&#x635;&#x631;&#x64A; &#x648;&#x627;&#x644;&#x642;&#x627;&#x646;&#x648;&#x646; &#x627;&#x644;&#x645;&#x62F;&#x646;&#x64A; &#x627;&#x644;&#x641;&#x631;&#x646;&#x633;&#x64A;.</subfield>
  </datafield>
  <datafield tag="650" ind1=" " ind2="7">
    <subfield code="a">&#x639;&#x642;&#x648;&#x62F; &#x627;&#x644;&#x628;&#x64A;&#x639;</subfield>
    <subfield code="x">&#x642;&#x648;&#x627;&#x646;&#x64A;&#x646; &#x648;&#x62A;&#x634;&#x631;&#x64A;&#x639;&#x627;&#x62A;</subfield>
    <subfield code="z">&#x645;&#x635;&#x631;.</subfield>
    <subfield code="2">BUEsh</subfield>
    <subfield code="9">40965</subfield>
  </datafield>
  <datafield tag="650" ind1=" " ind2="7">
    <subfield code="a">&#x636;&#x645;&#x627;&#x646; &#x627;&#x644;&#x639;&#x64A;&#x648;&#x628; &#x627;&#x644;&#x62E;&#x641;&#x64A;&#x629; (&#x642;&#x627;&#x646;&#x648;&#x646;)</subfield>
    <subfield code="z">&#x645;&#x635;&#x631;.</subfield>
    <subfield code="2">BUEsh</subfield>
    <subfield code="9">41127</subfield>
  </datafield>
  <datafield tag="650" ind1=" " ind2="7">
    <subfield code="a">&#x636;&#x645;&#x627;&#x646; &#x627;&#x644;&#x639;&#x64A;&#x648;&#x628; &#x627;&#x644;&#x62E;&#x641;&#x64A;&#x629; (&#x642;&#x627;&#x646;&#x648;&#x646;)</subfield>
    <subfield code="z">&#x641;&#x631;&#x646;&#x633;&#x627;.</subfield>
    <subfield code="2">BUEsh</subfield>
    <subfield code="9">41128</subfield>
  </datafield>
  <datafield tag="650" ind1=" " ind2="7">
    <subfield code="a">&#x639;&#x642;&#x648;&#x62F; &#x627;&#x644;&#x628;&#x64A;&#x639;</subfield>
    <subfield code="x">&#x642;&#x648;&#x627;&#x646;&#x64A;&#x646; &#x648;&#x62A;&#x634;&#x631;&#x64A;&#x639;&#x627;&#x62A;</subfield>
    <subfield code="z">&#x641;&#x631;&#x646;&#x633;&#x627;.</subfield>
    <subfield code="2">BUEsh</subfield>
    <subfield code="9">41125</subfield>
  </datafield>
  <datafield tag="650" ind1=" " ind2="7">
    <subfield code="a">&#x627;&#x644;&#x639;&#x642;&#x648;&#x62F; (&#x641;&#x642;&#x647; &#x625;&#x633;&#x644;&#x627;&#x645;&#x64A;)</subfield>
    <subfield code="2">BUEsh</subfield>
    <subfield code="9">40834</subfield>
  </datafield>
  <datafield tag="651" ind1=" " ind2=" ">
    <subfield code="2">BUEsh</subfield>
  </datafield>
  <datafield tag="653" ind1=" " ind2=" ">
    <subfield code="b">LLAAWW</subfield>
    <subfield code="c">September2016</subfield>
  </datafield>
  <datafield tag="942" ind1=" " ind2=" ">
    <subfield code="2">ddc</subfield>
  </datafield>
  <datafield tag="999" ind1=" " ind2=" ">
    <subfield code="c">22367</subfield>
    <subfield code="d">22339</subfield>
  </datafield>
  <datafield tag="952" ind1=" " ind2=" ">
    <subfield code="0">0</subfield>
    <subfield code="1">0</subfield>
    <subfield code="2">ddc</subfield>
    <subfield code="4">0</subfield>
    <subfield code="7">0</subfield>
    <subfield code="8">dar elfekr</subfield>
    <subfield code="a">MAIN</subfield>
    <subfield code="b">MAIN</subfield>
    <subfield code="c">1ST</subfield>
    <subfield code="d">2016-09-20</subfield>
    <subfield code="e">Purchase</subfield>
    <subfield code="g">120.00</subfield>
    <subfield code="h">15884</subfield>
    <subfield code="o">346.07 &#x62F; &#x628; &#x634;</subfield>
    <subfield code="p">000033620</subfield>
    <subfield code="r">2025-07-15 00:00:00</subfield>
    <subfield code="s">2019-04-11</subfield>
    <subfield code="v">150.00</subfield>
    <subfield code="y">BB</subfield>
  </datafield>
  <datafield tag="952" ind1=" " ind2=" ">
    <subfield code="0">0</subfield>
    <subfield code="1">0</subfield>
    <subfield code="2">ddc</subfield>
    <subfield code="4">0</subfield>
    <subfield code="7">0</subfield>
    <subfield code="8">dar elfekr</subfield>
    <subfield code="a">MAIN</subfield>
    <subfield code="b">MAIN</subfield>
    <subfield code="c">1ST</subfield>
    <subfield code="d">2016-09-20</subfield>
    <subfield code="e">Purchase</subfield>
    <subfield code="g">120.00</subfield>
    <subfield code="h">15884</subfield>
    <subfield code="o">346.07 &#x62F; &#x628; &#x634;</subfield>
    <subfield code="p">000033621</subfield>
    <subfield code="r">2025-07-15 00:00:00</subfield>
    <subfield code="v">150.00</subfield>
    <subfield code="y">BB</subfield>
  </datafield>
</record>
